|
|
|
|
| LEADER |
00000nam a2200000 a 4500 |
| 001 |
vtls009324810 |
| 003 |
SK-MaSNL |
| 005 |
20260301081750.0 |
| 008 |
240314s2002 rm n 000 0dhun |
| 015 |
|
|
|a SNBZSA2010-00028
|
| 020 |
|
|
|q (brož.)
|
| 040 |
|
|
|a SNK
|b slo
|c SNK
|e AACR2
|
| 041 |
0 |
|
|a hun
|b ger
|
| 043 |
|
|
|a e-xo---
|
| 044 |
|
|
|a rm
|c RO
|
| 072 |
|
7 |
|a 929.5/.9
|x Genealógia. Heraldika. Šľachta. Vlajky
|2 konspekt
|
| 080 |
|
|
|a 929.52
|x (437.6)
|x (045)
|2 2001
|
| 080 |
|
|
|a 929 Frivaldský
|2 2001
|
| 100 |
1 |
|
|a Frivaldszky, János
|4 aut
|9 405592
|
| 245 |
1 |
0 |
|a Egy középkori román eredetű nemesi család a Felvidéken
|c id. Frivaldszky János
|
| 260 |
|
|
|a [Satu Mare : Muzeul Judeţean
|c 2002]
|
| 300 |
|
|
|a S. 55-64
|c 26 cm
|
| 500 |
|
|
|a Sep odt. z: Mediaevalia Transilvanica, Tom V-VI, 2001-2002, nr. 1-2
|
| 504 |
|
|
|a Bibliogr. odkazy
|
| 546 |
|
|
|a Res. nem.
|
| 600 |
3 |
7 |
|a Frivaldský (rod)
|x dejiny
|2 snkph
|9 327652
|
| 650 |
0 |
7 |
|a dejiny rodín
|z Slovensko
|2 snkph
|9 405593
|
| 651 |
|
7 |
|a Rajecká Lesná (Slovensko)
|2 snkph
|9 60281
|
| 655 |
|
7 |
|a štúdie
|2 SNKPH
|9 57033
|
| 655 |
|
7 |
|a separáty
|2 snkph
|9 70334
|
| 958 |
|
|
|a ZS
|
| 958 |
|
|
|a BX
|
| 958 |
|
|
|a HU
|
| 958 |
|
|
|a NB
|
| 958 |
|
|
|a OND
|
| 999 |
|
|
|c 656756
|d 658686
|
| 952 |
|
|
|a SNK
|b SNK
|y PREZ
|7 0
|p 17A0601528
|o snkSC 133346
|i snk2008/19577
|8 2
|g 1.49
|0 0
|1 0
|4 0
|d 2008-08-21
|l 0
|r 2025-06-24 00:00:00
|w 2026-02-23
|